000 00697nam a2200253Ia 4500
003 OSt
005 20220927112154.0
006 a|||||r|||| 00| 0
007 ta
008 220926b |||||||| |||| 00| 0 eng d
024 _a106453
037 _cReports
040 _aRTL
_cRTL
_beng
041 _2eng
_aeng
082 _a"X9(J471).2r, GD"
110 _agovernment of India Finance(M/O-)
_9383241
245 0 _aReport on the traffic im opium and othe dangerous drug
260 _aDelhi
_bMOP India
490 _v1949
650 _aTabacco
700 _agovernment of India Finance(M/O-)
_9383242
942 _h"X9(J471).2r, GD"
_cCC
999 _c699874
_d699874